000 00406nam a2200157Ia 4500
008 230917s9999||||xx |||||||||||||| ||und||
020 _cPOU4.95
040 _e6829
_aMAIN
041 _aEnglish
082 _a301.04 F637M
100 _aFletcher, Ronald
245 0 _aMaking of sociology: A study of sociological theory
260 _aNairobi
_bThomas Nelson
_c1971
300 _axv, 708 p.
942 _cBK
999 _c201243
_d201243